000 00315nam a2200109Ia 4500
008 201231s9999 xx 000 0 und d
100 _aAhmad, Aiizuddin; Noni,Daniel and Sharma,H.N
245 0 _aDemographic transition : The Third world scenario
260 _aJaipur
_bRawat Publications
300 _a421
942 _cBK
999 _c9479
_d9479